Online
Catalog

Apuntes de matemáticas para estadística / (Record no. 25003)

MARC details
000 -CABECERA
campo de control de longitud fija 00848nam a2200241 a 4500
001 - NÚMERO DE CONTROL
campo de control 000025511
003 - IDENTIFICADOR DEL NÚMERO DE CONTROL
campo de control OSt
005 - FECHA Y HORA DE LA ÚLTIMA TRANSACCIÓN
campo de control 20250626131117.0
008 - DATOS DE LONGITUD FIJA--INFORMACIÓN GENERAL
campo de control de longitud fija 110217s1958 dr 000 0 spa d
040 ## - FUENTE DE LA CATALOGACIÓN
Centro catalogador/agencia de origen DO-SdBNP
Lengua de catalogación spa
Centro/agencia transcriptor BNPHU
082 ## - NÚMERO DE LA CLASIFICACIÓN DECIMAL DEWEY
Número de clasificación 519.5
Número de documento/Ítem A655m
100 ## - ENTRADA PRINCIPAL--NOMBRE DE PERSONA
Nombre de persona Dieulefait, Enrique
9 (RLIN) 77296
245 00 - MENCIÓN DE TÍTULO
Título Apuntes de matemáticas para estadística /
Mención de responsabilidad, etc. Enríquez Dieulefait.
260 ## - PUBLICACIÓN, DISTRIBUCIÓN, ETC.
Lugar de publicación, distribución, etc. Ciudad Trujillo, República Dominicana :
Nombre del editor, distribuidor, etc. Universidad de Santo Domingo,
Fecha de publicación, distribución, etc. 1958.
300 ## - DESCRIPCIÓN FÍSICA
Extensión 265 p. ;
Dimensiones 28 cm.
500 ## - NOTA GENERAL
Nota general Correspondientes al curso dictado por el profesor Enríquez Dieulefait
590 ## - NOTA LOCAL (RLIN)
Nota local Inventariado, 2019 / DG
650 #0 - PUNTO DE ACCESO ADICIONAL DE MATERIA--TÉRMINO DE MATERIA
Término de materia o nombre geográfico como elemento de entrada Estadística matemática
9 (RLIN) 20984
650 #4 - PUNTO DE ACCESO ADICIONAL DE MATERIA--TÉRMINO DE MATERIA
Término de materia o nombre geográfico como elemento de entrada Matemáticas
Subdivisión general Enseñanza
9 (RLIN) 26423
710 2# - PUNTO DE ACCESO ADICIONAL--NOMBRE DE ENTIDAD CORPORATIVA
Nombre de entidad corporativa o nombre de jurisdicción como elemento de entrada Universidad de Santo Domingo
9 (RLIN) 37767
910 ## - DATOS DE OPCIÓN DEL USUARIO (OCLC)
Datos de opción del usuario Validado. Control de calidad MFF
942 ## - ELEMENTOS DE PUNTO DE ACCESO ADICIONAL (KOHA)
Fuente del sistema de clasificación o colocación Dewey Decimal Classification
Tipo de ítem Koha Libro
Holdings
Estado de retiro Estado de pérdida Fuente del sistema de clasificación o colocación No para préstamo Código de colección Localización permanente Ubicación/localización actual Ubicación en estantería Fecha de adquisición Total de préstamos Signatura topográfica completa Código de barras Fecha visto por última vez Precio válido a partir de Tipo de ítem Koha
    Dewey Decimal Classification Excluido de préstamo Raros y valiosos Biblioteca Nacional Pedro Henríquez Ureña Patrimonio Dominicano Depósito 17.02.2011   BNPHU PD-RV 519.5 A655m 25511-10 25.06.2020 25.06.2020 Libro

Powered by Koha